000 00377 a2200157 4500
001 48760
020 _a8510034613
040 _cAnchieta - Bela Vista
100 _aAndrade, Telma GuimarĂ£es Castro
240 1 0 _aRi melhor quem ri... no fim!
_lpor
245 1 0 _aRi melhor quem ri... no fim!
300 _a21
362 0 _a2005
650 4 _aLiteratura infantil
942 _cBK
999 _c48760
_d48760